Polskie kluby Ekstraklasy - Statystyki

Ogólne statystyki
  • Ten quiz został rozwiązany 141 razy
    83 od ostatniego zresetowania
  • Średni wynik to 12 z 18
Statystyki odpowiedzi
# Kluby % Poprawnych
3 Legia Warszawa
96%
4 Lech Poznań
93%
2 Śląsk Wrocław
82%
1 Jagiellonia Białystok
80%
5 Górnik Zabrze
73%
6 Pogoń Szczecin
73%
7 Raków Częstochowa
72%
12 Cracovia
66%
18 Lechia Gdańsk
66%
10 Widzew Łódź
65%
15 Korona Kielce
55%
14 Puszcza Niepołomice
55%
8 Zagłębie Lubin
52%
9 Piast Gliwice
51%
17 GKS Katowice
49%
16 Warta Poznań
49%
11 Stal Mielec
48%
13 Radomiak Radom
39%
Nie znaleziono quizów pasujących do podanych kryteriów
Rozkład punktacji
Procent ludzi z każdym wynikiem
Percentyl według liczby udzielonych odpowiedzi
Twoja historia wyników
Nie rozwiązałeś tego quizu od ostatniego zresetowania